| 000 | 00906nam a2200289 a 4500 | ||
|---|---|---|---|
| 999 |
_c2962 _d2962 |
||
| 001 | 012186078 | ||
| 003 | UkOxU | ||
| 005 | 20230913145634.0 | ||
| 008 | 960815s1996 enk 000 0 eng d | ||
| 015 | _aGB 96-X2361 | ||
| 020 | _a0413710904 | ||
| 020 | _a9780413710901 | ||
| 035 | _aBNB issue 2405 | ||
| 035 | _a(OCoLC)35665274 | ||
| 040 |
_aBDS _cKH8 |
||
| 082 |
_a822.914 DOW _220 |
||
| 092 | _aD0504453156 | ||
| 100 | 1 |
_aDowie, Claire, _eauthor. |
|
| 245 | 1 | 0 |
_aWhy is John Lennon wearing a skirt? : _band other stand-up theatre plays / _cClaire Dowie. |
| 260 |
_aLondon : _bMethuen, _c1996. |
||
| 300 |
_a156 p. ; _c20 cm. |
||
| 490 | 1 | _aMethuen modern plays | |
| 505 | 0 | _aAdult child/dead child--Why is John Lennon wearing a skirt?--Drag act--Leaking from every orifice--Death and dancing. | |
| 650 | 0 |
_aEnglish drama _y20th century. |
|
| 830 | 0 | _aMethuen modern plays. | |
| 942 |
_2ddc _cTR |
||